[Event "Berdsk Maestro op 15th"]
[Site "Berdsk"]
[Date "2009.07.13"]
[Round "6"]
[White "Ospanov, Nazar"]
[Black "Novikov, Mikhail M"]
[Result "1-0"]
[WhiteElo "2146"]
[BlackElo "2234"]
[PlyCount "69"]
[EventDate "2009.07.08"]
[EventType "swiss"]
[EventRounds "9"]
[EventCountry "RUS"]
[SourceTitle "EXT 2022"]
[Source "ChessBase"]
[SourceDate "2021.10.06"]
[SourceVersion "1"]
[SourceVersionDate "2021.10.06"]
[SourceQuality "1"]

1. e4 d6 2. d4 Nf6 3. Nc3 g6 4. Nf3 Bg4 5. Be2 Bg7 6. 0-0 0-0 7. Be3 Nc6 8. d5 Bxf3 9. Bxf3 Ne5 10. Be2 c6 11. f4 Ned7 12. Bf3 cxd5 13. exd5 Nb6 14. Bd4 Qc7 15. a4 a6 16. Qe1 Rae8 17. Qf2 Nbd7 18. a5 e5 19. dxe6 fxe6 20. Rfd1 Rd8 21. Ra4 e5 22. Bb6 Nxb6 23. Qxb6 Qxb6+ 24. axb6 exf4 25. Bxb7 Rb8 26. Bd5+ Kh8 27. Rxa6 Rfe8 28. Bc6 Re7 29. b7 Ng4 30. Ne4 d5 31. Ra8 Be5 32. Rxd5 Kg7 33. h3 Nf6 34. Nxf6 Kxf6 35. Rxe5 1-0

[Event "Berdsk Maestro op 15th"]
[Site "Berdsk"]
[Date "2009.07.10"]
[Round "3"]
[White "Chernikov, Vladislav"]
[Black "Novikov, Mikhail M"]
[Result "0-1"]
[WhiteElo "1922"]
[BlackElo "2234"]
[PlyCount "65"]
[EventDate "2009.07.08"]
[EventType "swiss"]
[EventRounds "9"]
[EventCountry "RUS"]
[SourceTitle "EXT 2022"]
[Source "ChessBase"]
[SourceDate "2021.10.06"]
[SourceVersion "1"]
[SourceVersionDate "2021.10.06"]
[SourceQuality "1"]

1. c4 d6 2. d4 g6 3. Nf3 Bg7 4. e4 Nf6 5. Nc3 0-0 6. Bg5 h6 7. Bh4 Bg4 8. Be2 Nfd7 9. h3 Bxf3 10. Bxf3 Nc6 11. d5 Nce5 12. Be2 Nb6 13. Qb3 a5 14. Na4 Ned7 15. Nxb6 Nxb6 16. Rc1 a4 17. Qc2 Nd7 18. 0-0 a3 19. b4 c5 20. Qb3 cxb4 21. Qxb4 Nc5 22. f3 Bb2 23. Rcd1 Na4 24. Be1 Qc7 25. Bd2 Kh7 26. Bd3 Bd4+ 27. Kh1 Nb2 28. Bc3 Bxc3 29. Qxc3 Nxd1 30. Rxd1 b5 31. Qd4 bxc4 32. Bxc4 Ra4 33. Rc1 0-1

[Event "Novosibirsk Sukharev Memorial op"]
[Site "Novosibirsk"]
[Date "2008.07.24"]
[Round "?"]
[White "Novikov, Mikhail M"]
[Black "Grif, Sergei"]
[Result "1-0"]
[WhiteElo "2240"]
[BlackElo "2145"]
[PlyCount "39"]
[EventDate "2008.07.20"]
[EventType "swiss"]
[EventRounds "9"]
[EventCountry "RUS"]
[SourceTitle "EXT 2022"]
[Source "ChessBase"]
[SourceDate "2021.10.06"]
[SourceVersion "1"]
[SourceVersionDate "2021.10.06"]
[SourceQuality "1"]

1. c4 Nf6 2. Nc3 g6 3. e4 d6 4. d4 Bg7 5. f3 0-0 6. Bg5 Nc6 7. Nge2 e5 8. d5 Ne7 9. Qd2 a6 10. g4 Bd7 11. Ng3 c6 12. h4 b5 13. h5 bxc4 14. Bxc4 Qb6 15. hxg6 hxg6 16. Bh6 Qd4 17. Qh2 Ne8 18. Nge2 Qxc4 19. Bxg7 Kxg7 20. Qh6+ 1-0

[Event "Novosibirsk Sukharev Memorial op"]
[Site "Novosibirsk"]
[Date "2008.07.22"]
[Round "?"]
[White "Sinitsin, Roman"]
[Black "Novikov, Mikhail M"]
[Result "1/2-1/2"]
[WhiteElo "2258"]
[BlackElo "2240"]
[PlyCount "65"]
[EventDate "2008.07.20"]
[EventType "swiss"]
[EventRounds "9"]
[EventCountry "RUS"]
[SourceTitle "EXT 2022"]
[Source "ChessBase"]
[SourceDate "2021.10.06"]
[SourceVersion "1"]
[SourceVersionDate "2021.10.06"]
[SourceQuality "1"]

1. d4 d5 2. Nf3 Nc6 3. c4 e5 4. dxe5 Bb4+ 5. Bd2 dxc4 6. e3 Be6 7. Qa4 Qe7 8. a3 Bxd2+ 9. Nbxd2 a6 10. Bxc4 Bxc4 11. Qxc4 Nxe5 12. Nxe5 Qxe5 13. 0-0 Nf6 14. Qb4 Qb5 15. Qc3 0-0 16. Nf3 c6 17. Nd4 Qb6 18. Nf5 Qc7 19. Qc5 g6 20. Qc3 Qd7 21. e4 Qe6 22. Nh6+ Kg7 23. f4 Kxh6 24. f5 gxf5 25. Rxf5 Nxe4 26. Qf3 Kg7 27. Re1 Rae8 28. Rxe4 Qxe4 29. Rg5+ Qg6 30. h4 h6 31. Rg3 Kh7 32. Rxg6 fxg6 33. Qd3 1/2-1/2

[Event "Novosibirsk Sukharev Memorial op"]
[Site "Novosibirsk"]
[Date "2008.07.21"]
[Round "?"]
[White "Novikov, Mikhail M"]
[Black "Loginov, Vladislav"]
[Result "1/2-1/2"]
[WhiteElo "2240"]
[BlackElo "2106"]
[PlyCount "67"]
[EventDate "2008.07.20"]
[EventType "swiss"]
[EventRounds "9"]
[EventCountry "RUS"]
[SourceTitle "EXT 2022"]
[Source "ChessBase"]
[SourceDate "2021.10.06"]
[SourceVersion "1"]
[SourceVersionDate "2021.10.06"]
[SourceQuality "1"]

1. c4 Nf6 2. Nc3 e5 3. Nf3 Nc6 4. e3 Be7 5. d4 exd4 6. exd4 d5 7. Ne5 0-0 8. Nxc6 bxc6 9. Bd3 Be6 10. c5 Qd7 11. Qc2 Rfe8 12. 0-0 g6 13. b4 Nh5 14. Ba6 Bf6 15. Be3 Rab8 16. Qa4 Ng7 17. b5 Nf5 18. bxc6 Qd8 19. Rae1 Bc8 20. Bb7 a6 21. Qxa6 Nxe3 22. fxe3 Bh4 23. Rc1 Bg5 24. Nd1 Bg4 25. Qd3 Bxd1 26. Rcxd1 Bxe3+ 27. Kh1 Re4 28. a4 Qg5 29. a5 Rh4 30. g3 Qxg3 31. Qe2 Re8 32. Qg2 Qxg2+ 33. Kxg2 Bxd4 34. Rd2 1/2-1/2

[Event "Novosibirsk Sukharev Memorial op"]
[Site "Novosibirsk"]
[Date "2008.07.20"]
[Round "?"]
[White "Postnikov, Alexey"]
[Black "Novikov, Mikhail M"]
[Result "0-1"]
[WhiteElo "1958"]
[BlackElo "2240"]
[PlyCount "58"]
[EventDate "2008.07.20"]
[EventType "swiss"]
[EventRounds "9"]
[EventCountry "RUS"]
[SourceTitle "EXT 2022"]
[Source "ChessBase"]
[SourceDate "2021.10.06"]
[SourceVersion "1"]
[SourceVersionDate "2021.10.06"]
[SourceQuality "1"]

1. e4 d6 2. d4 Nf6 3. Bd3 e5 4. c3 d5 5. Bg5 dxe4 6. dxe5 exd3 7. exf6 gxf6 8. Be3 Rg8 9. Qa4+ Nc6 10. Qe4+ Be6 11. Nh3 f5 12. Qf3 Bd5 13. Qxf5 Bxg2 14. Ng5 Qd5 15. Qxd5 Bxd5 16. Nxh7 Be7 17. Rf1 Rg7 18. Nd2 Rxh7 19. Bf4 0-0-0 20. 0-0-0 Bxa2 21. Nf3 Rh5 22. Bg3 Na5 23. b4 Nc4 24. Nd2 Bf6 25. Nxc4 Bxc4 26. Rfe1 Bb3 27. Rd2 a5 28. Re3 Rhd5 29. bxa5 Bxc3 0-1

[Event "Izmailov Memorial op 12th"]
[Site "Tomsk"]
[Date "2008.07.03"]
[Round "9"]
[White "Korbkin, Maxim"]
[Black "Novikov, Mikhail M"]
[Result "1/2-1/2"]
[WhiteElo "2357"]
[BlackElo "2240"]
[PlyCount "78"]
[EventDate "2008.06.25"]
[EventType "swiss"]
[EventRounds "9"]
[EventCountry "RUS"]
[SourceTitle "CBM 125 Extra"]
[Source "ChessBase"]
[SourceDate "2008.09.01"]
[SourceVersion "1"]
[SourceVersionDate "2008.09.01"]
[SourceQuality "1"]

1. d4 d5 2. Nf3 Nc6 3. Bg5 Nf6 4. Nbd2 h6 5. Bh4 g5 6. Bg3 g4 7. Nh4 Nxd4 8. Be5 Nc6 9. Bxf6 exf6 10. e3 Ne5 11. Bd3 f5 12. g3 Be7 13. Ng2 Bb4 14. Be2 c6 15. c3 Bd6 16. Qc2 Be6 17. Nb3 Qf6 18. Nd4 c5 19. Qa4+ Bd7 20. Nb5 0-0 21. Qc2 Nf3+ 22. Kf1 Be5 23. Na3 d4 24. Rc1 Bc6 25. Nc4 Ng5 26. cxd4 cxd4 27. Nxe5 Qxe5 28. Rg1 Bxg2+ 29. Rxg2 dxe3 30. fxe3 Qxe3 31. Qc5 Qe6 32. Bc4 Qg6 33. Bd3 Ne4 34. Bxe4 fxe4 35. Rf2 Rae8 36. Re1 f5 37. Qxa7 Qc6 38. Kg1 Rf6 39. Qe3 Ref8 1/2-1/2

[Event "Izmailov Memorial op 12th"]
[Site "Tomsk"]
[Date "2008.07.01"]
[Round "7"]
[White "Mikhalchenko, Petr"]
[Black "Novikov, Mikhail M"]
[Result "1-0"]
[WhiteElo "2324"]
[BlackElo "2240"]
[PlyCount "73"]
[EventDate "2008.06.25"]
[EventType "swiss"]
[EventRounds "9"]
[EventCountry "RUS"]
[SourceTitle "CBM 125 Extra"]
[Source "ChessBase"]
[SourceDate "2008.09.01"]
[SourceVersion "1"]
[SourceVersionDate "2008.09.01"]
[SourceQuality "1"]

1. Nf3 Nf6 2. c4 g6 3. b4 Bg7 4. Bb2 d6 5. e3 c5 6. a3 Nc6 7. d4 Bg4 8. d5 Bxf3 9. gxf3 Ne5 10. bxc5 Qa5+ 11. Nd2 Qxc5 12. Bxe5 dxe5 13. Qa4+ b5 14. Qxb5+ Qxb5 15. cxb5 e4 16. Rd1 exf3 17. Nxf3 Ne4 18. Nd4 Rc8 19. Nc6 Bc3+ 20. Ke2 Bf6 21. Kf3 Ng5+ 22. Kf4 e5+ 23. Kg3 Ne4+ 24. Kg2 Bh4 25. d6 0-0 26. d7 Ra8 27. Rd5 Nxf2 28. Rg1 Ng4 29. Kf3 Nxh2+ 30. Ke2 e4 31. Rh1 Nf3 32. Rxh4 Nxh4 33. d8Q Raxd8 34. Rxd8 Rxd8 35. Nxd8 Nf5 36. Nc6 Nd6 37. Nxa7 1-0

[Event "Izmailov Memorial op 12th"]
[Site "Tomsk"]
[Date "2008.06.28"]
[Round "5"]
[White "Usatov, Vladimir"]
[Black "Novikov, Mikhail M"]
[Result "0-1"]
[WhiteElo "2158"]
[BlackElo "2240"]
[PlyCount "70"]
[EventDate "2008.06.25"]
[EventType "swiss"]
[EventRounds "9"]
[EventCountry "RUS"]
[SourceTitle "CBM 125 Extra"]
[Source "ChessBase"]
[SourceDate "2008.09.01"]
[SourceVersion "1"]
[SourceVersionDate "2008.09.01"]
[SourceQuality "1"]

1. Nf3 Nf6 2. c4 g6 3. Nc3 Bg7 4. e4 d6 5. d4 0-0 6. Be2 e5 7. 0-0 Nc6 8. d5 Ne7 9. b4 Nh5 10. Re1 f5 11. Ng5 Nf6 12. Bf3 h6 13. Ne6 Bxe6 14. dxe6 c6 15. Qb3 fxe4 16. Nxe4 Nxe4 17. Bxe4 Rf6 18. Qh3 Qb6 19. Be3 Qxb4 20. Rec1 b6 21. Rab1 Qa3 22. Rb3 Qxa2 23. Rd3 d5 24. cxd5 cxd5 25. Rd2 Qa3 26. Rxd5 Nxd5 27. Bxd5 Re8 28. e7+ Kh7 29. g4 Rf4 30. g5 h5 31. Rc6 Qd3 32. Bf3 Rxf3 33. Qxf3 Rxe7 34. Qh3 Qd1+ 35. Kg2 Qd5+ 0-1

[Event "Novosibirsk-ch"]
[Site "Novosibirsk"]
[Date "2008.02.27"]
[Round "5"]
[White "Novikov, Mikhail M"]
[Black "Okladnikov, Gennady"]
[Result "0-1"]
[WhiteElo "2261"]
[BlackElo "2217"]
[PlyCount "56"]
[EventDate "2008.02.22"]
[EventType "swiss"]
[EventRounds "9"]
[EventCountry "RUS"]
[SourceTitle "CBM 123 Extra"]
[Source "ChessBase"]
[SourceDate "2008.05.06"]
[SourceVersion "1"]
[SourceVersionDate "2008.05.06"]
[SourceQuality "1"]

1. c4 Nf6 2. Nc3 g6 3. e4 d6 4. d4 Bg7 5. f3 0-0 6. Be3 e5 7. d5 c6 8. Bd3 Nh5 9. Qd2 f5 10. exf5 gxf5 11. Nge2 Nd7 12. Bg5 Qe8 13. 0-0-0 Nb6 14. Bh6 cxd5 15. cxd5 Nf6 16. g4 e4 17. Bb5 Bxh6 18. Qxh6 Qg6 19. Qf4 fxg4 20. fxg4 Nxg4 21. Qd2 a6 22. Qd4 Qh6+ 23. Kb1 Qe3 24. Rhg1 Qxd4 25. Rxd4 Kh8 26. Bc4 Nxh2 27. Bb3 Nf3 28. Rf1 Nd2+ 0-1

[Event "Novosibirsk-ch"]
[Site "Novosibirsk"]
[Date "2008.02.23"]
[Round "2"]
[White "Giljazitdinov, Eduard"]
[Black "Novikov, Mikhail M"]
[Result "0-1"]
[WhiteElo "2159"]
[BlackElo "2261"]
[PlyCount "110"]
[EventDate "2008.02.22"]
[EventType "swiss"]
[EventRounds "9"]
[EventCountry "RUS"]
[SourceTitle "CBM 123 Extra"]
[Source "ChessBase"]
[SourceDate "2008.05.06"]
[SourceVersion "1"]
[SourceVersionDate "2008.05.06"]
[SourceQuality "1"]

1. e4 d6 2. d4 Nf6 3. Nc3 g6 4. f3 c6 5. Be3 b5 6. a3 a6 7. Qd2 Nbd7 8. Bh6 Bxh6 9. Qxh6 Qc7 10. Nh3 Nf8 11. Rd1 Bxh3 12. Qxh3 c5 13. dxc5 Qxc5 14. Qg3 b4 15. axb4 Qxb4 16. Bd3 Qxb2 17. Ne2 Qb4+ 18. c3 Qc5 19. Qf2 N8d7 20. 0-0 0-0 21. Qxc5 Nxc5 22. Kf2 Nfd7 23. Nf4 Nxd3+ 24. Rxd3 Nc5 25. Rd2 Rfb8 26. Nd5 Kf8 27. Ra2 Rb3 28. Rfa1 Rab8 29. Nb4 Rxc3 30. Nxa6 Nd3+ 31. Kg3 Rbb3 32. Rd1 g5 33. h4 f6 34. hxg5 fxg5 35. Kg4 h6 36. Kf5 Kf7 37. Rh1 Rb5+ 38. Kg4 Kg6 39. Rd1 Rb6 40. Kg3 Nc1 41. Ra1 Ne2+ 42. Kh2 Rcc6 43. Rd2 Nf4 44. Rda2 h5 45. Ra5 h4 46. R5a4 Rc2 47. R4a2 Rbb2 48. Rxb2 Rxb2 49. Nc7 Rxg2+ 50. Kh1 Rf2 51. Ra3 Rd2 52. Ra1 Nh5 53. Nd5 Ng3+ 54. Kg1 h3 55. Ne3 h2# 0-1

[Event "Berdsk Maestro op 13th"]
[Site "Berdsk"]
[Date "2007.07.14"]
[Round "7"]
[White "Tsepennikova, Tatyana"]
[Black "Novikov, Mikhail M"]
[Result "1/2-1/2"]
[WhiteElo "2104"]
[BlackElo "2270"]
[PlyCount "77"]
[EventDate "2007.07.08"]
[EventType "swiss"]
[EventRounds "9"]
[EventCountry "RUS"]
[SourceTitle "EXT 2022"]
[Source "ChessBase"]
[SourceDate "2021.10.06"]
[SourceVersion "1"]
[SourceVersionDate "2021.10.06"]
[SourceQuality "1"]

1. d4 Nf6 2. Nf3 g6 3. c3 d6 4. Bg5 Bg7 5. Nbd2 h6 6. Bf4 Nh5 7. Bg3 c5 8. dxc5 Nxg3 9. hxg3 dxc5 10. e3 0-0 11. Qa4 a6 12. Qh4 e6 13. Qxd8 Rxd8 14. Nc4 b5 15. Nb6 Ra7 16. Nxc8 Rxc8 17. 0-0-0 Nd7 18. Kb1 Nf6 19. Be2 Kf8 20. Nd2 Ke7 21. Bf3 Nd7 22. g4 Nb6 23. Ne4 f5 24. gxf5 gxf5 25. Ng3 b4 26. cxb4 Nc4 27. Rc1 Nxb2 28. Rxc5 Rb8 29. a3 a5 30. Rhc1 Kd8 31. Nh5 Bh8 32. Nf4 axb4 33. Nxe6+ Kd7 34. Nd4 bxa3 35. Ka1 Nd3 36. Rd5+ Ke7 37. Rb1 Nb4 38. Rc5 a2 39. Rb2 1/2-1/2

[Event "Berdsk Maestro op 13th"]
[Site "Berdsk"]
[Date "2007.07.13"]
[Round "6.9"]
[White "Novikov, Mikhail M"]
[Black "Agapov, Sergei"]
[Result "1-0"]
[WhiteElo "2270"]
[BlackElo "2117"]
[PlyCount "78"]
[EventDate "2007.07.08"]
[EventType "swiss"]
[EventRounds "9"]
[EventCountry "RUS"]
[SourceTitle "EXT 2022"]
[Source "ChessBase"]
[SourceDate "2021.10.06"]
[SourceVersion "1"]
[SourceVersionDate "2021.10.06"]
[SourceQuality "1"]

1. c4 Nf6 2. Nc3 g6 3. d4 Bg7 4. e4 d6 5. f3 0-0 6. Be3 b6 7. Bd3 a6 8. e5 Nfd7 9. exd6 exd6 10. Nge2 c5 11. 0-0 Bb7 12. Qd2 Nc6 13. Bc2 cxd4 14. Nxd4 Nde5 15. b3 Ne7 16. Bg5 Qc7 17. Be4 d5 18. cxd5 Qc5 19. Be3 Qd6 20. Rad1 Rac8 21. Kh1 f5 22. Bb1 Nxd5 23. Nde2 Rfd8 24. Nxd5 Qxd5 25. Qxd5+ Rxd5 26. Rxd5 Bxd5 27. Bxb6 Nd7 28. Bf2 Bb7 29. Nf4 Nf6 30. Ne6 Nd5 31. Nc5 Rc7 32. Bd3 Nb4 33. Bc4+ Bd5 34. Bxd5+ Nxd5 35. Nxa6 Rc2 36. a4 Rb2 37. Nc5 Bf8 38. Bd4 Rd2 39. Bg1 Rb2 1-0

[Event "Izmailov Memorial op 10th"]
[Site "Tomsk"]
[Date "2006.07.19"]
[Round "8"]
[White "Novikov, Mikhail M"]
[Black "Keosidi, Konstantin"]
[Result "0-1"]
[WhiteElo "2266"]
[BlackElo "2314"]
[PlyCount "96"]
[EventDate "2006.07.12"]
[EventType "swiss"]
[EventRounds "9"]
[EventCountry "RUS"]
[SourceTitle "EXT 2008"]
[Source "ChessBase"]
[SourceDate "2007.11.25"]
[SourceVersion "1"]
[SourceVersionDate "2007.11.25"]
[SourceQuality "1"]

1. c4 e5 2. Nc3 Nc6 3. Nf3 g6 4. d4 exd4 5. Nd5 Bg7 6. Bg5 f6 7. Bf4 d6 8. Nxd4 Nxd4 9. Qxd4 Kf7 10. g3 Ne7 11. Bg2 Re8 12. 0-0 Nc6 13. Qd2 Ne5 14. b3 a5 15. Nc3 Rb8 16. Qd5+ Be6 17. Qxa5 Nc6 18. Qa3 f5 19. Qb2 Qf6 20. Rac1 g5 21. Bd2 Nd4 22. Qb1 f4 23. Qd3 Kg8 24. Ne4 Qg6 25. Bc3 Bf5 26. Bxd4 Bxd4 27. Qxd4 Bxe4 28. f3 Bc6 29. Rfe1 Re3 30. gxf4 gxf4 31. Qxf4 Rbe8 32. Kf2 Qe6 33. Rc2 Qe7 34. Qg4+ Kh8 35. Qd4+ Kg8 36. c5 dxc5 37. Rxc5 Rxe2+ 38. Rxe2 Qxe2+ 39. Kg3 Qe1+ 40. Kh3 Qe6+ 41. Kh4 h6 42. Qc4 Qxc4+ 43. Rxc4 Re2 44. Rg4+ Kf7 45. a4 Kf6 46. a5 Rb2 47. b4 h5 48. Rf4+ Ke5 0-1

[Event "Izmailov Memorial op 10th"]
[Site "Tomsk"]
[Date "2006.07.12"]
[Round "1"]
[White "Khismatullin, Denis Rimovich"]
[Black "Novikov, Mikhail M"]
[Result "1-0"]
[WhiteElo "2568"]
[BlackElo "2266"]
[PlyCount "99"]
[EventDate "2006.07.12"]
[EventType "swiss"]
[EventRounds "9"]
[EventCountry "RUS"]
[SourceTitle "EXT 2008"]
[Source "ChessBase"]
[SourceDate "2007.11.25"]
[SourceVersion "1"]
[SourceVersionDate "2007.11.25"]
[SourceQuality "1"]

1. d4 Nf6 2. c4 e5 3. dxe5 Ng4 4. Nf3 Bc5 5. e3 Nc6 6. b3 0-0 7. Bb2 Re8 8. Nc3 Ncxe5 9. Nxe5 Nxe5 10. Be2 a5 11. 0-0 Ra6 12. Ne4 Bf8 13. Ng3 Rae6 14. Qc2 d6 15. Rad1 Rg6 16. Rd4 Bg4 17. f3 Bd7 18. Qc3 f5 19. Rfd1 b6 20. f4 Ng4 21. Bxg4 Rxg4 22. Rd5 Be6 23. Nxf5 Bxd5 24. cxd5 Qd7 25. Qd3 g6 26. Nd4 Bg7 27. Rd2 Qf7 28. Ne6 Bxb2 29. Rxb2 c6 30. h3 cxd5 31. hxg4 Qxe6 32. Kf2 Qxg4 33. Qxd5+ Kg7 34. Rc2 Qh4+ 35. Kf3 Re7 36. Qxd6 Qh5+ 37. Kf2 Qh4+ 38. Ke2 Qg4+ 39. Kf1 Rd7 40. Rc7 Rxc7 41. Qxc7+ Kh6 42. Qd6 Qf5 43. Kf2 Qe4 44. Qf8+ Kh5 45. Qg8 Qc2+ 46. Kg3 Kh6 47. Qf8+ Kh5 48. Qg7 h6 49. Qd7 g5 50. f5 1-0